[Event "GER-chT U14"]
[Site "Magdeburg"]
[Date "2018.12.28"]
[Round "3.3"]
[White "Beer, Ludwig"]
[Black "Schubert, Nikita"]
[Result "1/2-1/2"]
[WhiteElo "1549"]
[BlackElo "1969"]
[PlyCount "54"]
[EventDate "2018.12.27"]
[EventType "team-swiss"]
[EventRounds "7"]
[EventCountry "GER"]
[SourceTitle "CBM 188 Extra"]
[Source "ChessBase"]
[SourceDate "2019.02.26"]
[SourceVersion "1"]
[SourceVersionDate "2019.02.26"]
[SourceQuality "1"]
[WhiteTeam "Berlin Empor"]
[BlackTeam "Gera"]
[WhiteTeamCountry "GER"]
[BlackTeamCountry "GER"]

1. e4 e5 2. Nf3 Nc6 3. Bc4 Bc5 4. c3 Nf6 5. d3 0-0 6. Nbd2 d5 7. exd5 Nxd5 8. Ne4 Be7 9. 0-0 Nb6 10. Bb3 Bf5 11. Qe2 Bg6 12. Bg5 Bxg5 13. Nfxg5 h6 14. Nf3 Qe7 15. Ng3 Rfe8 16. Rfe1 Qd7 17. Ne4 Qe7 18. Ng3 Kf8 19. d4 exd4 20. Nxd4 Nxd4 21. cxd4 Qxe2 22. Rxe2 Rxe2 23. Nxe2 Rd8 24. Rd1 Nd5 25. Nc3 Nxc3 26. bxc3 b5 27. f3 Ke7 1/2-1/2